Estatísticas para Deputados Mais Votados

Clique aqui para jogar o quiz

Estatísticas Gerais

  • Esse quiz foi jogado 44 vezes
  • A pontuação média é 9 de 50

Estatísticas das Respostas

PartidoVotosDeputado% Correto
PL - MG1.492.047Nikolas Ferreira
98%
PSOL - SP1.001.472Guilherme Boulos
71%
PL - SP741.701Eduardo Bolsonaro
69%
PL - SP946.244Carla Zambelli
52%
UNIÃO - SP295.460Kim Kataguiri
43%
PSB - SP337.873Tabata Amaral
40%
AVANTE - MG238.967André Janones
33%
PL - SP640.918Ricardo Salles
31%
PT - PR261.247Gleisi
29%
REDE - SP237.526Marina Silva
29%
PODE -PR344.917Deltan Dallagnol
26%
REP - SP305.520Celso Russomanno
21%
NOVO - RS256.913Marcel Van Hattem
21%
PL - CE229.509André Fernandes
19%
PP - AL219.452Arthur Lira
19%
PL - DF214.733Bia Kicis
19%
PSOL - SP256.903Erika Hilton
17%
CID - AM288.552Amom Mandel
14%
MDB - SP236.463Baleia Rossi
14%
PL - SC227.632Carol de Toni
14%
PDT - MG208.332Duda Salabert
14%
REP - RS259.023Tenente Coronel Zucco
14%
PL - PE273.267André Ferreira
12%
PL - PR249.507Filipe Barros
12%
PSOL - SP226.187Sâmia Bomfim
12%
PL - SP239.772Capitão Derrite
10%
PP - PE240.511Clarissa Tércio
7%
UNIÃO - RJ213.706Daniela do Waguinho
7%
PP - SP461.217Delegado Bruno Lima
7%
MDB - SP235.165Fabio Teruel
7%
PSOL - RS199.894Fernanda Melchionna
7%
PL - RJ205.324General Pazuello
7%
PL - GO200.586Gustavo Gayer
7%
PT - RS223.109Paulo Pimenta
7%
PT - MG196.760Reginaldo Lopes
7%
UNIÃO - SP217.170Rosângela Moro
7%
PSOL - RJ198.548Taliria Petrone
7%
PL - PA205.543Delegado Eder Mauro
5%
MDB - SP254.898Delegado Palumbo
5%
MDB - PA258.907Dra. Alessandra Haber
5%
PSD - BA200.909Otto Filho
5%
PL - SP220.595Pastor Marco Feliciano
5%
PSD - PR206.898Beto Preto
2%
PSD - CE205.106Célio Studart
2%
PL - CE216.531Júnior Mano
2%
PL - SP216.437Rosana Valle
2%
UNIÃO - GO254.653Silvye Alves
2%
CID - SP196.866Alex Manente
0%
PP - RJ190.071Doutor Luizinho
0%
REP - SP231.626Marcos Pereira
0%

Distribuição das Pontuações

Percentil de Números Respondidos

Porcentagem de Pessoas com Cada Pontuação

Sua Pontuação Histórica

Você não jogou esse quiz